[Event "AUT-chT2M 0304"]
[Site "Austria"]
[Date "2004.02.29"]
[Round "9.2"]
[White "Topakian, Raffi"]
[Black "Pilaj, Herwig"]
[Result "1/2-1/2"]
[WhiteElo "2414"]
[BlackElo "2343"]
[PlyCount "90"]
[EventDate "2003.11.08"]
[EventType "team-tourn"]
[EventRounds "11"]
[EventCountry "AUT"]
[SourceTitle "CBM 097 Extra"]
[Source "ChessBase"]
[SourceDate "2004.01.13"]
[SourceVersion "1"]
[SourceVersionDate "2004.01.13"]
[SourceQuality "1"]
[WhiteTeam "Hoersching"]
[BlackTeam "Klagenfurter Die"]
[WhiteTeamCountry "AUT"]
[BlackTeamCountry "AUT"]

1. Nf3 d5 2. g3 c6 3. Bg2 Bg4 4. b3 Nd7 5. Bb2 Ngf6 6. 0-0 e6 7. c4 a5 8. a3 h6 9. d3 Bc5 10. d4 Be7 11. Nc3 Qb8 12. cxd5 exd5 13. Ne5 Bf5 14. f4 Nb6 15. e3 h5 16. Qe2 Qd6 17. Rae1 Kf8 18. e4 dxe4 19. Nxe4 Bxe4 20. Bxe4 Nxe4 21. Qxe4 Nd5 22. Rf2 Bf6 23. f5 Rd8 24. Rfe2 Kg8 25. h4 Ne7 26. Kh2 Qd5 27. Qc2 Qd6 28. Nc4 Qc7 29. Re4 Rd5 30. Ne3 Rd7 31. Qe2 Rh6 32. a4 g6 33. Qf3 gxf5 34. Nxf5 Nxf5 35. Qxf5 Rd5 36. Qf3 Kg7 37. Bc1 Rg6 38. Bf4 Qd7 39. Be5 Bxe5 40. Rxe5 Rxe5 41. Rxe5 Qxd4 42. Rxh5 Rf6 43. Rf5 Qb2+ 44. Kh3 Rxf5 45. Qxf5 Qxb3 1/2-1/2

[Event "AUT-chT2M 0203"]
[Site "Austria"]
[Date "2002.10.12"]
[Round "2"]
[White "Uhlmann, Wolfgang"]
[Black "Topakian, Raffi"]
[Result "1/2-1/2"]
[WhiteElo "2440"]
[BlackElo "2424"]
[PlyCount "105"]
[EventDate "2002.10.11"]
[EventType "team"]
[EventRounds "11"]
[EventCountry "AUT"]
[SourceTitle "CBM 090 Extra"]
[Source "ChessBase"]
[SourceDate "2002.11.07"]
[SourceVersion "1"]
[SourceVersionDate "2002.11.07"]
[SourceQuality "1"]

1. c4 Nf6 2. Nc3 d5 3. cxd5 Nxd5 4. g3 c5 5. Bg2 Nc7 6. f4 g6 7. d3 Bg7 8. Be3 Ne6 9. Nf3 Nc6 10. 0-0 0-0 11. Rc1 Bd7 12. Bf2 Rc8 13. e3 Nc7 14. Qe2 b6 15. Rfd1 e5 16. fxe5 Nxe5 17. Nxe5 Bxe5 18. d4 Bg7 19. dxc5 bxc5 20. Ne4 Ne6 21. b3 Qe7 22. Qa6 Rc7 23. Be1 Bc6 24. Qe2 Ba8 25. Ba5 Rcc8 26. Bc3 Bxc3 27. Nxc3 Bxg2 28. Qxg2 Nc7 29. Qe4 Qf6 30. Rd7 Kg7 31. Rxc7 Rxc7 32. Nd5 Qd6 33. Nxc7 Qxc7 34. b4 c4 35. Qxc4 Qb8 36. b5 h5 37. a4 Rd8 38. Qc7 Qa8 39. Rf1 Rf8 40. Qe5+ Kg8 41. a5 Qb7 42. Rd1 Qf3 43. Rf1 Qe2 44. b6 axb6 45. axb6 Qa6 46. Qc7 Qa2 47. b7 Qb3 48. Re1 Qb4 49. Re2 Qb1+ 50. Kf2 Qf5+ 51. Qf4 Qb5 52. Qc7 Qf5+ 53. Qf4 1/2-1/2

[Event "AUT-chT2M 0102"]
[Site "Austria"]
[Date "2002.01.12"]
[Round "6.2"]
[White "Juergens, Klaus"]
[Black "Topakian, Raffi"]
[Result "0-1"]
[WhiteElo "2189"]
[BlackElo "2406"]
[PlyCount "90"]
[EventDate "2001.11.02"]
[EventType "team"]
[EventRounds "11"]
[EventCountry "AUT"]
[SourceTitle "EXT 2003"]
[Source "ChessBase"]
[SourceDate "2002.11.25"]
[SourceVersion "1"]
[SourceVersionDate "2002.11.25"]
[SourceQuality "1"]

1. Nf3 Nf6 2. c4 c5 3. g3 d5 4. Bg2 Nc6 5. 0-0 e5 6. Qa4 Bd6 7. Ng5 Be7 8. cxd5 Nxd5 9. Qc4 Bxg5 10. Bxd5 0-0 11. Nc3 Bh3 12. Rd1 Rc8 13. e3 b6 14. a3 Qd7 15. b3 Na5 16. Qe2 Be6 17. Bxe6 Qxe6 18. b4 Nb3 19. Rb1 Nxc1 20. Rdxc1 Rfd8 21. Ne4 Be7 22. bxc5 f5 23. Nd6 Bxd6 24. cxd6 Qxd6 25. Qf3 Rxc1+ 26. Rxc1 Qxd2 27. Rc7 Qd1+ 28. Kg2 Qxf3+ 29. Kxf3 a5 30. Rb7 Rd6 31. a4 h5 32. e4 Rd3+ 33. Ke2 fxe4 34. Rxb6 Ra3 35. Re6 Rxa4 36. Rxe5 h4 37. gxh4 Kf7 38. Rg5 Kf6 39. Rb5 Ra3 40. Rc5 a4 41. Ra5 g6 42. h5 gxh5 43. Rxh5 Ra1 44. Ra5 a3 45. Ke3 a2 0-1

[Event "AUT-chT2M 0102"]
[Site "Austria"]
[Date "2001.11.03"]
[Round "2.2"]
[White "Topakian, Raffi"]
[Black "Heyne, Martin"]
[Result "1-0"]
[WhiteElo "2406"]
[BlackElo "2154"]
[PlyCount "75"]
[EventDate "2001.11.02"]
[EventType "team"]
[EventRounds "11"]
[EventCountry "AUT"]
[SourceTitle "EXT 2003"]
[Source "ChessBase"]
[SourceDate "2002.11.25"]
[SourceVersion "1"]
[SourceVersionDate "2002.11.25"]
[SourceQuality "1"]
[WhiteTeam "Hoersching"]
[BlackTeam "Sauwald"]
[WhiteTeamCountry "AUT"]
[BlackTeamCountry "AUT"]

1. g3 c5 2. Bg2 g6 3. c4 Bg7 4. Nc3 Nc6 5. a3 Nf6 6. Rb1 0-0 7. b4 d6 8. d3 Qd7 9. e4 Ne8 10. Nge2 Nc7 11. 0-0 Ne6 12. Be3 Ned4 13. Qd2 Rb8 14. b5 Nxe2+ 15. Nxe2 Nd4 16. Nxd4 cxd4 17. Bh6 e5 18. Bxg7 Kxg7 19. f4 Qe7 20. f5 f6 21. h4 b6 22. Rf2 h6 23. fxg6 Kxg6 24. Rbf1 Be6 25. Kh2 Qd7 26. a4 a5 27. bxa6 Qxa4 28. Bh3 Bxh3 29. Kxh3 Qxa6 30. h5+ Kg7 31. Qe2 Qc8+ 32. Rf5 Qe6 33. Qg4+ Kh8 34. Qg6 Rb7 35. Qxh6+ Kg8 36. g4 Rh7 37. Rg5+ fxg5 38. Rxf8# 1-0

[Event "AUT-chT 9900"]
[Site "Austria"]
[Date "2000.03.17"]
[Round "9.4"]
[White "Proehl, Holger"]
[Black "Topakian, Raffi"]
[Result "0-1"]
[WhiteElo "2389"]
[BlackElo "2376"]
[PlyCount "88"]
[EventDate "1999.10.22"]
[EventType "team-tourn"]
[EventRounds "11"]
[EventCountry "AUT"]
[SourceTitle "EXT 2000"]
[Source "ChessBase"]
[SourceDate "1999.11.16"]
[SourceVersion "1"]
[SourceVersionDate "1999.11.16"]
[SourceQuality "1"]
[WhiteTeam "Zell/Zillertal"]
[BlackTeam "Hohenems"]
[WhiteTeamCountry "AUT"]
[BlackTeamCountry "AUT"]

1. e4 e6 2. d4 d5 3. Nd2 a6 4. Ngf3 Nf6 5. Bd3 c5 6. exd5 Qxd5 7. dxc5 Bxc5 8. 0-0 Nc6 9. Nb3 Be7 10. c4 Qd8 11. Qe2 e5 12. h3 0-0 13. Bd2 Re8 14. Rad1 Qc7 15. Rfe1 Nd7 16. Ng5 Bxg5 17. Bxg5 Nf8 18. Be4 a5 19. Be3 a4 20. Nd2 Be6 21. Bd5 Nb4 22. Ne4 Rad8 23. Nc3 Bxd5 24. cxd5 e4 25. Rd4 Nd3 26. Rd1 f5 27. Rxa4 Ng6 28. Qf1 Nxb2 29. Rc1 Nxa4 30. Nxa4 Qa5 31. Nb6 f4 32. Bd4 Re7 33. d6 Rf7 34. Rc7 Rxd6 35. Qc4 Qf5 36. Bc5 Rd1+ 37. Kh2 Ne5 38. Rc8+ Qxc8 39. Qxf7+ Kxf7 40. Nxc8 Nc4 41. a3 Rd2 42. Kg1 Rd1+ 43. Kh2 Rd5 44. Bb4 e3 0-1

[Event "AUT-chT 9900"]
[Site "Austria"]
[Date "1999.10.26"]
[Round "5.5"]
[White "Schroll, Gerhard"]
[Black "Topakian, Raffi"]
[Result "1/2-1/2"]
[WhiteElo "2435"]
[BlackElo "2376"]
[PlyCount "147"]
[EventDate "1999.10.22"]
[EventType "team-tourn"]
[EventRounds "11"]
[EventCountry "AUT"]
[SourceTitle "EXT 2000"]
[Source "ChessBase"]
[SourceDate "1999.11.16"]
[SourceVersion "1"]
[SourceVersionDate "1999.11.16"]
[SourceQuality "1"]
[WhiteTeam "Wiener Neustadt"]
[BlackTeam "Hohenems"]
[WhiteTeamCountry "AUT"]
[BlackTeamCountry "AUT"]

1. c4 Nf6 2. Nc3 d5 3. cxd5 Nxd5 4. e4 Nb4 5. d3 c5 6. Nf3 N8c6 7. a3 Na6 8. Bf4 e6 9. Qa4 Be7 10. Rd1 0-0 11. d4 Nxd4 12. Nxd4 cxd4 13. Qxd4 Qa5 14. Qa4 Qxa4 15. Nxa4 Nb8 16. Bd6 Bxd6 17. Rxd6 Nc6 18. Bb5 Rd8 19. Rxd8+ Nxd8 20. e5 b6 21. 0-0 Bb7 22. Rd1 Bc6 23. Nc3 Bxb5 24. Nxb5 Nc6 25. f4 a6 26. Rd6 Rc8 27. Nc3 b5 28. Ne4 Kf8 29. Rd7 Ne7 30. Nd6 Rc1+ 31. Kf2 g5 32. fxg5 Rc2+ 33. Kf3 Rxb2 34. h4 Ng6 35. Rxf7+ Kg8 36. Ra7 Nxh4+ 37. Ke4 Rxg2 38. Rxa6 Rg4+ 39. Kd3 Rxg5 40. Nxb5 Rxe5 41. a4 Nf5 42. Nc3 h5 43. Ra7 Re3+ 44. Kc4 h4 45. Rd7 Ng3 46. a5 h3 47. a6 h2 48. a7 h1Q 49. Rd8+ Kf7 50. a8Q Qxa8 51. Rxa8 Kf6 52. Rd8 Nf5 53. Rd3 Re1 54. Rh3 Ke5 55. Kd3 Kf4 56. Kd2 Ra1 57. Rh2 Kf3 58. Rh3+ Kf4 59. Rh2 Kf3 60. Rh3+ Kg4 61. Rh2 Nh4 62. Re2 Nf3+ 63. Ke3 Ra3 64. Rg2+ Kf5 65. Rc2 Ng5 66. Kd4 e5+ 67. Kc4 Ne4 68. Nd5 Ra4+ 69. Kb3 Rd4 70. Ne7+ Ke6 71. Nc6 Rd3+ 72. Kc4 Rd1 73. Nxe5 Kxe5 74. Rh2 1/2-1/2

[Event "AUT-chT 9900"]
[Site "Austria"]
[Date "1999.10.22"]
[Round "1.6"]
[White "Schwarz, Michael"]
[Black "Topakian, Raffi"]
[Result "1/2-1/2"]
[WhiteElo "2374"]
[BlackElo "2376"]
[PlyCount "63"]
[EventDate "1999.10.22"]
[EventType "team-tourn"]
[EventRounds "11"]
[EventCountry "AUT"]
[SourceTitle "EXT 2000"]
[Source "ChessBase"]
[SourceDate "1999.11.16"]
[SourceVersion "1"]
[SourceVersionDate "1999.11.16"]
[SourceQuality "1"]
[WhiteTeam "Gleisdorf"]
[BlackTeam "Hohenems"]
[WhiteTeamCountry "AUT"]
[BlackTeamCountry "AUT"]

1. Nf3 c5 2. g3 Nc6 3. Bg2 g6 4. 0-0 Bg7 5. c4 e5 6. Nc3 Nge7 7. Ne1 d6 8. Nc2 0-0 9. Ne3 Be6 10. a3 Qd7 11. Re1 Bh3 12. Bh1 f5 13. Rb1 f4 14. Ned5 fxg3 15. hxg3 Nxd5 16. Bxd5+ Be6 17. d3 Bxd5 18. cxd5 Qh3 19. Ne4 Rxf2 20. Nxf2 Qxg3+ 21. Kh1 Qxf2 22. dxc6 Qh4+ 23. Kg1 Qg3+ 24. Kh1 e4 25. e3 Qh3+ 26. Kg1 Qg3+ 27. Kh1 Qh3+ 28. Kg1 Qg3+ 29. Kh1 Rf8 30. Rf1 Qh3+ 31. Kg1 Qg3+ 32. Kh1 1/2-1/2

[Event "AUT-chT 9899"]
[Site "Austria"]
[Date "1999.??.??"]
[Round "?"]
[White "Schroll, Gerhard"]
[Black "Topakian, Raffi"]
[Result "0-1"]
[WhiteElo "2395"]
[BlackElo "2340"]
[PlyCount "113"]
[EventDate "1998.??.??"]
[EventType "team"]
[EventRounds "11"]
[EventCountry "AUT"]
[SourceTitle "EXT 2000"]
[Source "ChessBase"]
[SourceDate "1999.11.16"]
[SourceVersion "1"]
[SourceVersionDate "1999.11.16"]
[SourceQuality "1"]

1. c4 e5 2. Nc3 Bb4 3. g3 Bxc3 4. dxc3 d6 5. Bg2 Ne7 6. Nf3 Nbc6 7. e4 0-0 8. 0-0 h6 9. Ne1 Be6 10. b3 Qd7 11. Nc2 Bh3 12. Ne3 Kh7 13. Bxh3 Qxh3 14. Qg4 Qxg4 15. Nxg4 f5 16. exf5 Nxf5 17. f3 a6 18. Ne3 Nxe3 19. Bxe3 b5 20. c5 d5 21. f4 b4 22. Rad1 Rad8 23. cxb4 d4 24. Bc1 e4 25. Rfe1 Rfe8 26. a3 h5 27. h3 Kg6 28. g4 hxg4 29. hxg4 e3 30. Kg2 Re4 31. Kf3 Rde8 32. Rd3 Kf6 33. Bb2 g5 34. f5 Rf4+ 35. Kg3 e2 36. Rd2 Re3+ 37. Kg2 Rxg4+ 38. Kf2 Rf4+ 39. Kg2 Rg4+ 40. Kf2 Rf4+ 41. Kg2 Kxf5 42. Rdxe2 Rg4+ 43. Kf2 Rxb3 44. Bc1 Rbg3 45. Rf1 Ne5 46. Ke1+ Nf3+ 47. Kd1 Rg1 48. Rxg1 Rxg1+ 49. Kc2 d3+ 50. Kxd3 Rxc1 51. Re7 g4 52. Rxc7 g3 53. Rf7+ Kg4 54. Rg7+ Ng5 55. c6 g2 56. c7 g1Q 57. c8B+ 0-1

[Event "AUT-chT 9798"]
[Site "Austria"]
[Date "1997.10.13"]
[Round "2"]
[White "Felsberger, Alfred"]
[Black "Topakian, Raffi"]
[Result "1-0"]
[WhiteElo "2375"]
[BlackElo "2340"]
[PlyCount "80"]
[EventDate "1997.10.12"]
[EventType "team-tourn"]
[EventRounds "11"]
[EventCountry "AUT"]
[SourceTitle "CBM 063 ext"]
[Source "ChessBase"]
[SourceDate "1998.04.29"]
[SourceVersion "1"]
[SourceVersionDate "1998.04.29"]
[SourceQuality "1"]
[WhiteTeam "Graz Merkur Versicherung"]
[BlackTeam "Hohenems"]
[WhiteTeamCountry "AUT"]
[BlackTeamCountry "AUT"]

1. e4 c6 2. c4 d5 3. exd5 cxd5 4. cxd5 Nf6 5. Nc3 Nxd5 6. Nf3 Nc6 7. d4 Bg4 8. Qb3 Bxf3 9. gxf3 Nb6 10. Be3 e6 11. 0-0-0 Be7 12. Rg1 0-0 13. Kb1 Nd5 14. Nxd5 exd5 15. Qxb7 Qd6 16. Rc1 Na5 17. Qa6 Qxa6 18. Bxa6 Rfb8 19. Rc2 Rb6 20. Bd3 g6 21. Rgc1 Kg7 22. Rc7 Ba3 23. R1c2 Kf6 24. Bd2 Bb4 25. R7c5 Bxd2 26. Rxd2 Nc6 27. Rxd5 Ne7 28. Ra5 Nc6 29. Ra4 Rd8 30. Be4 a6 31. Rc4 Ne7 32. Kc2 Rdd6 33. Rc5 Ke6 34. f4 Kf6 35. Kc3 h6 36. b4 g5 37. fxg5+ hxg5 38. a4 Rb8 39. Rd3 Rh8 40. Rf3+ Ke6 1-0

[Event "AUT-chT 9697"]
[Site "Austria"]
[Date "1997.??.??"]
[Round "8"]
[White "Topakian, Raffi"]
[Black "Freitag, Manfred"]
[Result "1/2-1/2"]
[WhiteElo "2340"]
[BlackElo "2365"]
[PlyCount "58"]
[EventDate "1996.??.??"]
[EventType "team"]
[EventRounds "11"]
[EventCountry "AUT"]
[SourceTitle "CBM 057 Extra"]
[Source "ChessBase"]
[SourceDate "1997.05.01"]
[SourceVersion "1"]
[SourceVersionDate "1997.05.01"]
[SourceQuality "1"]

1. e4 c5 2. Nc3 Nc6 3. Bb5 Nd4 4. a4 g6 5. d3 Bg7 6. Nge2 e6 7. 0-0 Ne7 8. Nxd4 cxd4 9. Ne2 a6 10. Bc4 d5 11. exd5 Nxd5 12. a5 b5 13. axb6 Nxb6 14. Bb3 a5 15. c4 dxc3 16. bxc3 0-0 17. Ba3 Re8 18. Qd2 Bb7 19. Rfd1 Qc7 20. Rab1 Red8 21. Qg5 Nd5 22. c4 Nb4 23. Qe3 Rab8 24. Bxb4 axb4 25. d4 e5 26. d5 Bf8 27. Ng3 Bc5 28. Qg5 Be7 29. Qe3 Bc5 1/2-1/2

[Event "AUT-chT 9697"]
[Site "Austria"]
[Date "1997.??.??"]
[Round "10"]
[White "Topakian, Raffi"]
[Black "Stajcic, Nikola"]
[Result "1-0"]
[WhiteElo "2340"]
[BlackElo "2315"]
[PlyCount "71"]
[EventDate "1996.??.??"]
[EventType "team"]
[EventRounds "11"]
[EventCountry "AUT"]
[SourceTitle "CBM 057 Extra"]
[Source "ChessBase"]
[SourceDate "1997.05.01"]
[SourceVersion "1"]
[SourceVersionDate "1997.05.01"]
[SourceQuality "1"]

1. Nf3 d5 2. g3 Nf6 3. Bg2 c6 4. 0-0 Bf5 5. b3 e6 6. Bb2 h6 7. d3 Be7 8. Nbd2 Nbd7 9. e4 dxe4 10. dxe4 Bh7 11. Qe2 0-0 12. h3 a5 13. a3 Qc7 14. Kh1 Rfd8 15. Nh2 Nc5 16. Ng4 Nxg4 17. Qxg4 e5 18. Nc4 f6 19. Ne3 Qc8 20. Nf5 Bxf5 21. exf5 Rd2 22. Qc4+ Kh8 23. g4 Qg8 24. Qc3 Rad8 25. Bc1 Rd1 26. Be3 Rxf1+ 27. Rxf1 Qf8 28. Qxa5 Na6 29. Bxc6 bxc6 30. Qxa6 Qe8 31. a4 Rd5 32. Qc4 Bd6 33. Qe4 Qd7 34. c4 Ra5 35. Rd1 Qc7 36. Qd3 1-0

[Event "AUT-chT2W 9596"]
[Site "Austria"]
[Date "1996.??.??"]
[Round "?"]
[White "Kupfner, Franz"]
[Black "Topakian, Raffi"]
[Result "0-1"]
[WhiteElo "2100"]
[BlackElo "2325"]
[PlyCount "49"]
[EventDate "1995.??.??"]
[EventType "team"]
[EventRounds "11"]
[EventCountry "AUT"]
[SourceTitle "EXT 1998"]
[Source "ChessBase"]
[SourceDate "1997.11.17"]
[SourceVersion "1"]
[SourceVersionDate "1997.11.17"]
[SourceQuality "1"]

1. c4 Nf6 2. Nf3 g6 3. Nc3 Bg7 4. g3 0-0 5. Bg2 d6 6. 0-0 a6 7. d3 e5 8. Bd2 Nbd7 9. Rb1 Re8 10. Ne1 Nh5 11. e4 c6 12. Nc2 Nf8 13. b4 Ne6 14. a4 a5 15. b5 Nf6 16. Be3 Nd7 17. Re1 Qf6 18. Qd2 Ndc5 19. bxc6 bxc6 20. Rb6 Bd7 21. Ra1 Reb8 22. Rab1 Rxb6 23. Rxb6 Nd4 24. Bxd4 exd4 25. Ne2 0-1

[Event "AUT-chT qual"]
[Site "Vienna"]
[Date "1996.??.??"]
[Round "2"]
[White "Topakian, Raffi"]
[Black "Beck, Hartmuth"]
[Result "0-1"]
[WhiteElo "2340"]
[BlackElo "2300"]
[PlyCount "146"]
[EventDate "1996.??.??"]
[EventType "team"]
[EventRounds "3"]
[EventCountry "AUT"]
[SourceTitle "EXT 1999"]
[Source "ChessBase"]
[SourceDate "1998.11.16"]
[SourceVersion "1"]
[SourceVersionDate "1998.11.16"]
[SourceQuality "1"]

1. Nf3 c5 2. e4 d6 3. d4 cxd4 4. Nxd4 Nf6 5. Nc3 a6 6. Be2 e6 7. f4 Qc7 8. 0-0 Be7 9. Bf3 0-0 10. Be3 Nc6 11. Nxc6 bxc6 12. Na4 Bb7 13. c4 c5 14. Nc3 Nd7 15. g4 Rfe8 16. g5 Bf8 17. Qd2 Rad8 18. Rad1 Nb8 19. f5 Nd7 20. fxe6 fxe6 21. Bf4 Ne5 22. b3 Be7 23. Qg2 Rf8 24. Bxe5 dxe5 25. Bg4 Bc8 26. Qh3 Qc6 27. Rxd8 Rxd8 28. Qg3 Qc7 29. Qh3 Qd6 30. Rd1 Qc6 31. Rxd8+ Bxd8 32. Qe3 Qd6 33. h4 Bd7 34. Kf1 Be7 35. Ke2 g6 36. Qd3 Qd4 37. Qxd4 exd4 38. Nd1 h6 39. gxh6 Bxh4 40. Nb2 Be7 41. Nd3 Kh7 42. Nf4 e5 43. Bxd7 exf4 44. Kf3 Bd6 45. Bh3 Kxh6 46. Kg4 Kg7 47. Bf1 Kf6 48. Bd3 Ke5 49. Kf3 Be7 50. Kg4 Bd6 51. Kf3 Kf6 52. Kg4 Bc7 53. Bb1 d3 54. Bxd3 Ke5 55. Kf3 Kd4 56. Bf1 Be5 57. Bh3 a5 58. Bd7 Kd3 59. Bb5 g5 60. Bc6 g4+ 61. Kxg4 Ke3 62. Bd7 f3 63. Kg5 f2 64. Bh3 Kxe4 65. Kg4 Ke3 66. Bf1 Kd2 67. Kf3 Ke1 68. Kg2 Bd4 69. Bd3 Kd2 70. Bf1 Kc3 71. Be2 Kb2 72. Kf1 Kxa2 73. Bd1 Kb2 0-1

[Event "Biel MTO op"]
[Site "Biel"]
[Date "1994.??.??"]
[Round "1"]
[White "Topakian, Raffi"]
[Black "Milov, Vadim"]
[Result "0-1"]
[WhiteElo "2305"]
[BlackElo "2590"]
[PlyCount "102"]
[EventDate "1994.07.??"]
[EventType "swiss"]
[EventRounds "11"]
[EventCountry "SUI"]
[SourceTitle "TD"]
[Source "ChessBase"]
[SourceDate "1994.03.01"]
[SourceVersion "1"]
[SourceVersionDate "1994.03.01"]
[SourceQuality "1"]

1. e4 c5 2. Nf3 Nc6 3. Bb5 e6 4. 0-0 Nge7 5. Nc3 Ng6 6. Re1 Be7 7. e5 0-0 8. Bxc6 bxc6 9. d3 f6 10. exf6 gxf6 11. h4 Rf7 12. h5 Nf8 13. Bh6 d6 14. d4 e5 15. d5 Bg4 16. dxc6 Bxh5 17. Qd5 Rc8 18. Nh4 Bg4 19. Bxf8 Kxf8 20. f3 Bh5 21. Nf5 Bg6 22. Nxe7 Rxe7 23. Rad1 Qb6 24. Qxd6 c4+ 25. Kf1 Qxc6 26. Ne4 f5 27. Nc3 e4 28. fxe4 fxe4 29. Qd4 Kg8 30. Nd5 Rf7+ 31. Kg1 Qc5 32. Rf1 Qxd4+ 33. Rxd4 Rb7 34. b3 cxb3 35. cxb3 Kg7 36. Nf4 Re7 37. Nxg6 Kxg6 38. Re1 Kf5 39. Rf1+ Kg4 40. Re1 Kf4 41. Re2 Rc3 42. Kf2 h5 43. Ke1 Rc1+ 44. Kf2 h4 45. Rb4 Rc3 46. Rd4 h3 47. gxh3 Rxh3 48. Ke1 Kf3 49. Rd3+ e3 50. Rf2+ Ke4 51. Ke2 Rc7 0-1

[Event "Seefeld op 04th"]
[Site "Seefeld"]
[Date "1993.??.??"]
[Round "9"]
[White "Topakian, Raffi"]
[Black "Misanovic, Vesna"]
[Result "1-0"]
[WhiteElo "2280"]
[BlackElo "2360"]
[PlyCount "111"]
[EventDate "1993.09.??"]
[EventType "swiss"]
[EventRounds "9"]
[EventCountry "AUT"]
[SourceTitle "EXT 2000"]
[Source "ChessBase"]
[SourceDate "1999.11.16"]
[SourceVersion "1"]
[SourceVersionDate "1999.11.16"]
[SourceQuality "1"]

1. Nf3 Nf6 2. g3 d5 3. Bg2 c5 4. 0-0 Nc6 5. d4 e6 6. c4 Be7 7. cxd5 exd5 8. dxc5 Bxc5 9. a3 0-0 10. b4 Bb6 11. Bb2 Re8 12. Nc3 Bg4 13. Rc1 Ne5 14. Nxd5 Bxf3 15. Nxf6+ Qxf6 16. Bxe5 Qxe5 17. Bxf3 Rad8 18. Qc2 h5 19. Rfd1 h4 20. Rxd8 Rxd8 21. Kg2 a5 22. bxa5 Qxa5 23. a4 g6 24. gxh4 Rd4 25. h5 g5 26. Qc8+ Bd8 27. Rc5 Qd2 28. e3 g4 29. Rg5+ Kf8 30. Rxg4 Rxg4+ 31. Qxg4 Qd6 32. Qg3 Qh6 33. Bxb7 Qxh5 34. h3 Qc5 35. Qf3 Qg5+ 36. Kf1 Qg6 37. Bd5 Qb1+ 38. Kg2 Qg6+ 39. Qg4 Qd3 40. Bc4 Qc3 41. Qd4 Qa5 42. Qd5 Qxd5+ 43. Bxd5 Kg7 44. Bxf7 Kxf7 45. f4 Ke6 46. e4 Bc7 47. Kf3 Bd8 48. Kg4 Kf6 49. h4 Kg6 50. e5 Ba5 51. h5+ Kg7 52. Kf5 Bb6 53. e6 Bd8 54. Ke5 Bc7+ 55. Ke4 Kf6 56. h6 1-0

[Event "Oakham YM"]
[Site "Oakham"]
[Date "1992.??.??"]
[Round "5"]
[White "Kumaran, Dharshan"]
[Black "Topakian, Raffi"]
[Result "1/2-1/2"]
[WhiteElo "2375"]
[BlackElo "2255"]
[PlyCount "44"]
[EventDate "1992.03.??"]
[EventType "swiss"]
[EventRounds "9"]
[EventCountry "ENG"]
[SourceTitle "CBM 030"]
[Source "ChessBase"]
[SourceDate "1992.10.01"]
[SourceVersion "1"]
[SourceVersionDate "1992.10.01"]
[SourceQuality "1"]

1. d4 Nf6 2. c4 g6 3. Nc3 d5 4. Nf3 Bg7 5. Bg5 Ne4 6. cxd5 Nxg5 7. Nxg5 c6 8. Qb3 0-0 9. Nf3 cxd5 10. e3 e6 11. Be2 Nc6 12. 0-0 Qe7 13. Rac1 Bd7 14. a3 Rfc8 15. Qa2 a6 16. b4 b5 17. Qb3 a5 18. Bxb5 axb4 19. axb4 Rab8 20. Bxc6 Rxc6 21. Rb1 Rcb6 22. b5 Qe8 1/2-1/2

[Event "Biel MTO op"]
[Site "Biel"]
[Date "1992.??.??"]
[Round "4"]
[White "Terreaux, Gilles"]
[Black "Topakian, Raffi"]
[Result "0-1"]
[WhiteElo "2255"]
[BlackElo "2275"]
[PlyCount "50"]
[EventDate "1992.07.??"]
[EventType "swiss"]
[EventRounds "11"]
[EventCountry "SUI"]
[SourceTitle "CBM 031 Extra"]
[Source "ChessBase"]
[SourceDate "1993.01.01"]
[SourceVersion "1"]
[SourceVersionDate "1993.01.01"]
[SourceQuality "1"]

1. Nf3 c5 2. g3 Nc6 3. c4 e5 4. Nc3 g6 5. Bg2 Bg7 6. 0-0 Nge7 7. d3 d6 8. a3 0-0 9. Rb1 a6 10. b4 cxb4 11. axb4 b5 12. cxb5 axb5 13. d4 Rb8 14. d5 Nd4 15. Nd2 h5 16. e3 Ndf5 17. h4 Bd7 18. Nb3 Nxh4 19. gxh4 Nf5 20. e4 Nxh4 21. Qd3 f5 22. f4 Rc8 23. fxe5 Bxe5 24. Nd4 f4 25. Kf2 Qb6 0-1

[Event "Oakham YM"]
[Site "Oakham"]
[Date "1992.??.??"]
[Round "7"]
[White "Topakian, Raffi"]
[Black "Lesiege, Alexandre"]
[Result "1/2-1/2"]
[WhiteElo "2255"]
[BlackElo "2375"]
[PlyCount "127"]
[EventDate "1992.03.??"]
[EventType "swiss"]
[EventRounds "9"]
[EventCountry "ENG"]
[SourceTitle "CBM 030"]
[Source "ChessBase"]
[SourceDate "1992.10.01"]
[SourceVersion "1"]
[SourceVersionDate "1992.10.01"]
[SourceQuality "1"]

1. Nf3 c5 2. b3 Nc6 3. Bb2 d6 4. c4 e5 5. Nc3 g6 6. g3 Bg7 7. d3 Nge7 8. Bg2 0-0 9. 0-0 h6 10. Ne1 f5 11. Nc2 f4 12. e3 g5 13. Nd5 Ng6 14. Qh5 Kh7 15. Be4 Bf5 16. Bxf5 Rxf5 17. Qg4 Rf7 18. b4 cxb4 19. Qe6 Rf8 20. exf4 gxf4 21. Ncxb4 Nxb4 22. Nxb4 fxg3 23. hxg3 Qb6 24. Bc3 Rf3 25. Qg4 Raf8 26. Nd5 Qd8 27. Rad1 Ne7 28. Qh4 Nxd5 29. Qxd8 Rxd8 30. cxd5 Bf8 31. Kg2 Rf7 32. Rc1 Rc8 33. Bb2 Rc5 34. Rxc5 dxc5 35. Bxe5 Rd7 36. Kf3 Rxd5 37. Ke4 Rd7 38. f4 Bg7 39. Rf3 Kg8 40. g4 Bxe5 41. fxe5 Rd4+ 42. Kf5 b5 43. e6 Kf8 44. Rh3 Ke7 45. Rxh6 Rd5+ 46. Ke4 Rd4+ 47. Ke5 Rxg4 48. Rh7+ Ke8 49. Rh8+ Ke7 50. Rh7+ Ke8 51. Rxa7 Rd4 52. Ra8+ Ke7 53. Ra7+ Ke8 54. Rb7 Rxd3 55. Rxb5 Ra3 56. Rb8+ Ke7 57. Rb7+ Ke8 58. Rb8+ Ke7 59. Rb7+ Ke8 60. Rb2 c4 61. Kd6 Ra6+ 62. Ke5 Ra3 63. Kd5 c3 64. Rb8+ 1/2-1/2

[Event "Oakham YM"]
[Site "Oakham"]
[Date "1992.??.??"]
[Round "3"]
[White "Topakian, Raffi"]
[Black "Moutousis, Konstantinos"]
[Result "0-1"]
[WhiteElo "2255"]
[BlackElo "2405"]
[PlyCount "66"]
[EventDate "1992.03.??"]
[EventType "swiss"]
[EventRounds "9"]
[EventCountry "ENG"]
[SourceTitle "CBM 030"]
[Source "ChessBase"]
[SourceDate "1992.10.01"]
[SourceVersion "1"]
[SourceVersionDate "1992.10.01"]
[SourceQuality "1"]

1. e4 c5 2. Nf3 Nc6 3. Bb5 g6 4. 0-0 Bg7 5. c3 e5 6. d4 cxd4 7. cxd4 Nxd4 8. Nxd4 exd4 9. e5 Ne7 10. Bg5 0-0 11. Re1 h6 12. Bf6 Bxf6 13. exf6 Nf5 14. Bd3 Qxf6 15. Bxf5 gxf5 16. Na3 d6 17. Nb5 Be6 18. Nxd4 Bd7 19. Re3 Rac8 20. Qd2 Rc4 21. Rd1 Rfc8 22. h3 Kh7 23. Rf3 R4c5 24. Nb3 Bc6 25. Rg3 Rd5 26. Rd3 Rxd3 27. Qxd3 Be4 28. Qxd6 Qxb2 29. Qd7 Rg8 30. g4 fxg4 31. hxg4 Qf6 32. Rd6 Qf3 33. Kf1 Rxg4 0-1